Przyporządkuj powiat województwa pomorskiego do rejestracji - Statystyki

Ogólne statystyki
  • Ten quiz został rozwiązany 18 razy
  • Średni wynik to 15 z 20
Odpowiedzi na mapie
Odpowiedzi zakodowano w zielono-czerwonej skali na mapie do tego quizu, zgodnie z poniższymi procentami.
 
Statystyki odpowiedzi
Odpowiedź % Poprawnych
GA
88%
GD
88%
GSL
88%
GBY
82%
GLE
82%
GWO
82%
GCZ
76%
GKS
76%
GPU
76%
GS
76%
GSZ
76%
GCH
71%
GDA
71%
GMB
71%
GND
71%
GSP
71%
GTC
71%
GKA
65%
GST
65%
GKW
53%
Nie znaleziono quizów pasujących do podanych kryteriów
Rozkład punktacji
Procent ludzi z każdym wynikiem
Percentyl według liczby udzielonych odpowiedzi
Twoja historia wyników
Nie rozwiązałeś tego quizu